[Event "Bucharest TIT"]
[Site "Bucharest"]
[Date "1999.03.06"]
[Round "6"]
[White "Kutnik, Alexandru"]
[Black "Brajovic, Radovan"]
[Result "1-0"]
[WhiteElo "2193"]
[BlackElo "2364"]

1.e4 c5 2.c3 Nf6 3.d3 Nc6 4.f4 d6 5.Nf3 g6 6.g3 Bg7 7.Bg2 O-O 8.O-O Rb8 9.a4 a6
10.Qe1 b5 11.axb5 axb5 12.h3 b4 13.g4 Na5 14.Be3 Nb3 15.Ra2 h5 16.g5 Nd7
17.d4 cxd4 18.cxd4 d5 19.e5 e6 20.Qd1 Na5 21.b3 Qb6 22.Nh4 Nc6 23.Qd3 Ne7
24.Nd2 Bb7 25.Rfa1 Rfc8 26.Nb1 Bf8 27.Bf1 Qc7 28.Bd2 Qb6 29.Ra4 Nc6 30.Be3 Kg7
31.R1a2 Qd8 32.Rg2 Nb6 33.Raa2 Ne7 34.Bd2 Nc4 35.Bxb4 Nc6 36.Bxf8+ Qxf8 37.bxc4 Nb4
38.Qc3 dxc4 39.Rab2 Bxg2 40.Bxg2 Nd5 41.Bxd5 exd5 42.Ng2 Rxb2 43.Qxb2 Rb8
44.Qc2 Rb3 45.Nc3 Qa3 46.Ne2 Rd3 47.Kf2 Rf3+ 48.Kg1 Qb3 49.Qc1 Rd3 50.Kf2 Rf3+
51.Kg1 Qa2 52.Qe1 Qa3 53.f5 Rxf5 54.Nef4 Qb2 55.Qe3 Qb1+ 56.Kf2 Qc2+ 57.Kf3 Qb3
58.h4 c3 59.Kg3 Qc4 60.e6 c2 61.e7 c1=Q 62.e8=Q Qc7 63.Qxc1 Qxc1 64.Qe7 Kg8
65.Qe3 Qd1 66.Kf2  1-0

[Event "Lugano op"]
[Site "Lugano"]
[Date "1999.03.10"]
[Round "1"]
[White "Rovatti, P."]
[Black "Varga, Peter"]
[Result "0-1"]
[WhiteElo "2045"]
[BlackElo "2448"]

1.e4 c5 2.c3 Nf6 3.e5 Nd5 4.Nf3 Nc6 5.Bc4 Nb6 6.Bb3 g6 7.d4 cxd4 8.cxd4 d5
9.Nc3 Bg7 10.h3 O-O 11.O-O Bf5 12.Re1 Na5 13.e6 Bxe6 14.Rxe6 fxe6 15.Ng5 Nxb3
16.axb3 Qd7 17.Qg4 Rf5 18.Be3 a6 19.Ne2 Raf8 20.Ng3 R5f6 21.Nf3 Qd6 22.Bg5 h5
23.Qh4 R6f7 24.Re1 Nd7 25.Ne2 e5 26.dxe5 Nxe5 27.Nfd4 Nd3 28.Rf1 e5 29.Qg3 Nxf2
30.Rxf2 Rxf2  0-1

[Event "Budapest FS03 IM"]
[Site "Budapest"]
[Date "1999.03.12"]
[Round "7"]
[White "Jamrich, Gyorgy"]
[Black "Turzo, Attila"]
[Result "1-0"]
[WhiteElo "2273"]
[BlackElo "2314"]

1.e4 c5 2.c3 Nf6 3.e5 Nd5 4.d4 cxd4 5.Nf3 Nc6 6.Bc4 Nb6 7.Bb3 d5 8.exd6 Qxd6
9.O-O Be6 10.Na3 dxc3 11.Qe2 Bxb3 12.Nb5 Qb8 13.axb3 e5 14.Nfd4 Nxd4 15.Nxd4 f6
16.bxc3 Kf7 17.Nb5 Bd6 18.Be3 Rd8 19.Rxa7 Rxa7 20.Bxb6 Ra6 21.Bxd8 Qxd8 22.Rd1 g6
23.Qf3 Qd7 24.Nxd6+ Rxd6 25.Rxd6 Qxd6 26.Qxb7+ Ke6 27.g3 h5 28.h4 g5 29.hxg5 fxg5
30.Qc8+ Kf6 31.b4 Qd1+ 32.Kg2 Qd5+ 33.Kh2 Qd2 34.Qf8+ Kg6 35.c4 h4 36.gxh4 gxh4
37.b5 e4 38.b6 e3 39.Qe8+ Kh7 40.Qxe3 Qd6+ 41.f4 Qg6 42.Qf2 Qe4 43.c5 h3
44.f5 Kg7 45.Kxh3 Kf8 46.f6 Kf7 47.Kg3 Qe5+ 48.Qf4 Qd5 49.Qc7+ Kg6 50.Qg7+ Kh5
51.Qg4+ Kh6 52.Qf4+ Kh7 53.f7 Qd3+ 54.Qf3 Qg6+ 55.Kh2 Qf6 56.f8=Q Qb2+ 57.Kh3 Qg2+
58.Kxg2  1-0

[Event "AUT-chT2M 9899"]
[Site "Austria"]
[Date "1999.03.14"]
[Round "11"]
[White "Teufl, S."]
[Black "Rotstein, Arkadij"]
[Result "1/2-1/2"]
[WhiteElo "2167"]
[BlackElo "2515"]

1.e4 c5 2.c3 Nf6 3.e5 Nd5 4.d4 cxd4 5.Qxd4 e6 6.Bc4 Nc6 7.Qe4 Nde7 8.Nf3 Ng6
9.O-O Qc7 10.Re1 Ncxe5 11.Nxe5 Nxe5 12.Bb3 d6 13.h3 Be7 14.Bf4 Nd7 15.Bc2 Nf6
16.Qd3 Bd7 17.Nd2 Rc8 18.Rad1 Nd5 19.Qg3 Nxf4 20.Qxf4 O-O 21.Qe4 g6 22.Bb3 Rfe8
23.Qe3 a5 24.Qd4 b5 25.Ne4 a4 26.Bc2 e5 27.Qd2 Be6 28.Bd3 Qb6 29.a3 Bb3 30.Bc2 Bxc2
31.Qxc2 Qc6 32.Qd3 Red8 33.Qg3 Kg7 34.Re3 f6 35.Rde1 d5 36.Nd2 Bc5 37.R3e2 e4
38.h4 Qd6 39.Qh3 f5 40.Nf1 d4 41.cxd4 Bxd4 42.g4 Rf8 43.gxf5 Rxf5 44.Ng3 Rf3
45.Nxe4 Rxh3 46.Nxd6 Rc5 47.Re7+ Kh6 48.Rd7 Rxh4 49.Ree7 Rf4 50.Ne4 Rxe4
51.Rxe4 Bxb2 52.Re3 Rc3 53.Rxc3 Bxc3 54.Rb7 b4 55.axb4 a3 56.Ra7 Bxb4 57.Kf1 g5
58.Ra6+ Kh5 59.f3 Bf8 60.Kg2 h6 61.Kh3 Bb4 62.Rb6 Bc3 63.Ra6 Bb2 64.Kg3  1/2-1/2

[Event "AUT2W-chT 9899"]
[Site "AUT"]
[Date "1999.03.14"]
[Round "9.5"]
[White "Hoellrigl, Wilfried"]
[Black "Kupfner, Franz"]
[Result "0-1"]
[WhiteElo "2213"]
[BlackElo "2143"]

1.e4 c5 2.c3 Nf6 3.e5 Nd5 4.d4 cxd4 5.Nf3 Nc6 6.Bc4 Nb6 7.Bb3 d5 8.exd6 e6
9.cxd4 Bxd6 10.O-O O-O 11.Re1 Bd7 12.Nc3 Ne7 13.Bg5 Bc6 14.Qe2 Qd7 15.Rad1 Nbd5
16.Ne5 Bxe5 17.Qxe5 Rac8 18.Qg3 Nxc3 19.bxc3 Nf5 20.Qh3 Bd5 21.Bc2 f6 22.Bd2 g6
23.Bb3 Rf7 24.g4 Nd6 25.Re3 Nc4 26.Bxc4 Rxc4 27.Rde1 Ra4 28.Bc1 Rxa2 29.Qg3 Qc7
30.Qh4 Rc2 31.Qh3 Qf4 32.Qg3 Qxg3+ 33.Rxg3 Rc7 34.Bh6 R7xc3 35.Rxc3 Rxc3
36.f4 Kf7 37.Ra1 a6 38.Rb1 Rc2 39.h3 Rc4 40.Rd1 Rc2 41.Rb1 Bc6 42.Rb3 a5
43.Kf1 a4 44.Rb1 a3 45.f5 a2 46.fxe6+ Kxe6 47.Re1+ Kd5  0-1

[Event "NRW-Liga II 9899"]
[Site "GER"]
[Date "1999.03.16"]
[Round "7"]
[White "Adamski, Andrzej"]
[Black "Peschlow, Patrick"]
[Result "1/2-1/2"]
[WhiteElo "2335"]
[BlackElo "2180"]

1.e4 c5 2.c3 Nf6 3.e5 Nd5 4.d4 cxd4 5.Nf3 e6 6.cxd4 b6 7.Nc3 Nxc3 8.bxc3 Qc7
9.Bd2 Bb7 10.Bd3 d6 11.O-O Nd7 12.Re1 dxe5 13.Nxe5 Nxe5 14.Rxe5 Bd6 15.Rh5 g6
16.Bb5+ Kf8 17.Bh6+ Ke7 18.Rh3 Bf4 19.Bxf4 Qxf4 20.Qa4 h5 21.Ba6 Bxa6 22.Qxa6 Qc7
23.Qa3+ Qd6 24.Qxd6+ Kxd6 25.Kf1 Rac8 26.Ke2 Rc4 27.a4 Rhc8 28.Kd2 Kc6 29.Rf3 Rc7
30.Kc2 a5 31.Re3 Kb7 32.Kb3 Ka6 33.Kb2 Rd7  1/2-1/2

[Event "Lugano op"]
[Site "Lugano"]
[Date "1999.03.16"]
[Round "7"]
[White "Scavo, Fernando"]
[Black "Czebe, Attila"]
[Result "0-1"]
[WhiteElo "2301"]
[BlackElo "2420"]

1.e4 c5 2.c3 Nf6 3.e5 Nd5 4.d4 cxd4 5.Nf3 e6 6.cxd4 d6 7.Bc4 Qc7 8.Bxd5 exd5
9.O-O dxe5 10.Nxe5 Bd6 11.Nc3 O-O 12.Nxd5 Qd8 13.Nc3 Nc6 14.Nxc6 bxc6 15.Qh5 Rb8
16.Rd1 Re8 17.b3 Qf6 18.Be3 Ba3 19.Bc1 Bb4 20.Bb2 Bf5 21.Qf3 Qg6 22.h3 Bd6
23.Re1 h5 24.Re3 Rxe3 25.Qxe3 Bd7 26.Qe4 Qf6 27.Qd3 Re8 28.Qd2 Bf4 29.Qd3 Bc7
30.Ba3 h4 31.Ne2 Bf5 32.Qf3 Qe6 33.Nc3 Qe1+  0-1

[Event "Budapest FS03 IM"]
[Site "Budapest"]
[Date "1999.03.18"]
[Round "13"]
[White "Malada, Vinko"]
[Black "Gara, Ticia"]
[Result "0-1"]
[WhiteElo "2265"]
[BlackElo "2216"]

1.e4 c5 2.c3 Nf6 3.e5 Nd5 4.d4 cxd4 5.Nf3 Nc6 6.Bc4 Nb6 7.Bb3 d5 8.exd6 Qxd6
9.O-O Be6 10.Na3 Bxb3 11.Qxb3 Qd5 12.Nb5 Rc8 13.Nfxd4 Nxd4 14.Nxd4 e6 15.Be3 Bc5
16.Qb5+ Qd7 17.Rfd1 a6 18.Qe2 Nd5 19.Nf5 O-O 20.Bxc5 Rxc5 21.Nxg7 Qe7 22.Nh5 Qg5
23.Ng3 Qg6 24.Rd4 Nf6 25.Rad1 Rg5 26.Qd3 Rd5 27.Qxg6+ hxg6 28.Rxd5 Nxd5 29.c4 Nf6
30.f3 Rc8 31.b3 b5 32.Rc1 Nd5 33.Ne4 Nb4 34.a3 Nd3 35.Rc3 bxc4 36.bxc4 Nc5
37.Nxc5 Rxc5 38.Kf2 Kf8 39.Ke3 Ke7 40.Kd4 Ra5 41.f4 Kd7 42.c5 Ra4+ 43.Ke5 Ke7  0-1

[Event "Novgorod op"]
[Site "Novgorod"]
[Date "1999.03.19"]
[Round "1"]
[White "Krasilnikov, Evgeny"]
[Black "Vaulin, Alexander"]
[Result "1/2-1/2"]
[WhiteElo "2130"]
[BlackElo "2547"]

1.e4 c5 2.c3 Nf6 3.e5 Nd5 4.d4 cxd4 5.cxd4 g6 6.Nc3 Nxc3 7.bxc3 Bg7 8.Bd3 Nc6
9.Bf4 O-O 10.Nf3 d6 11.exd6 exd6 12.O-O b6 13.Qd2 Bb7 14.Rfe1 Na5 15.Ng5 Qd7
16.Ne4 Bxe4 17.Rxe4 d5 18.Re3 Rfe8 19.Rae1 Rxe3 20.Qxe3 Qc6 21.Bf1 h5 22.h3 Nc4
23.Qe7 Bf6 24.Qc7 Qxc7 25.Bxc7 Rc8 26.Bxc4 Rxc7 27.Bxd5 Rxc3 28.Re8+ Kg7
29.Bb3 Rc1+ 30.Kh2 Bxd4 31.Re7 Rc7 32.Rxc7 Be5+ 33.Kg1 Bxc7 34.Bc4 h4 35.Kf1 f5
36.Ke2 Kf6 37.Ke3 g5 38.Kd4 g4 39.f3 gxh3 40.gxh3 Kg5 41.Kd5 Kf4 42.Bd3 Bd8
43.Ke6 Kxf3 44.Bxf5 Kf2 45.Kd7 Bg5  1/2-1/2

[Event "Novgorod op"]
[Site "Novgorod"]
[Date "1999.03.20"]
[Round "2"]
[White "Driamin, Dmitrij"]
[Black "Kharitonov, Andrei Y"]
[Result "0-1"]
[WhiteElo "2267"]
[BlackElo "2562"]

1.e4 c5 2.c3 Nf6 3.e5 Nd5 4.d4 cxd4 5.Qxd4 e6 6.Nf3 Nc6 7.Qe4 d6 8.Nbd2 dxe5
9.Nxe5 Nf6 10.Qa4 Qc7 11.Ndc4 a6 12.Nxc6 b5 13.Qa5 Qxc6 14.Nb6 Rb8 15.Nxc8 Rxc8
16.a4 Qe4+ 17.Be3 Bc5 18.Qxa6 O-O 19.Qxb5 Bxe3 20.fxe3 Qh4+ 21.Kd1 Rfd8+
22.Kc2 Qe4+ 23.Bd3 Qxg2+ 24.Be2 Nd5 25.Rae1 Qe4+ 26.Bd3 Nb4+  0-1

[Event "Bled op"]
[Site "Bled"]
[Date "1999.03.21"]
[Round "2"]
[White "Lazovic, Gordan"]
[Black "Licina, Anita"]
[Result "1-0"]
[WhiteElo "2311"]
[BlackElo "2173"]

1.e4 c5 2.c3 Nf6 3.e5 Nd5 4.d4 cxd4 5.Nf3 e6 6.cxd4 d6 7.Bc4 Be7 8.O-O Bd7
9.Qe2 Bc6 10.Nc3 O-O 11.Bd3 Nxc3 12.bxc3 Nd7 13.Bf4 dxe5 14.Nxe5 Nxe5 15.Bxe5 Qd5
16.f3 b5 17.Qc2 h6 18.Rfe1 Qd7 19.Qe2 a6 20.Bc2 Rfc8 21.Qd3 g6 22.Bf4 Bf8
23.h4 h5 24.Be5 Bd5 25.Bb3 Bh6 26.f4 Rc6 27.Re3 Rac8 28.Rc1 Bc4 29.Qb1 Qd5
30.Bd1 Bxa2 31.Qc2 b4 32.Bf3 Qc4 33.Bxc6 Rxc6 34.Rg3 Kh7 35.Qb2 b3 36.Qa3 Bg7
37.Qe7 b2 38.Re1 b1=Q 39.Rxb1 Bxb1 40.Qxf7 Rc7 41.Bxc7 Kh6 42.f5 Bxf5 43.Bf4+  1-0

[Event "Bled op"]
[Site "Bled"]
[Date "1999.03.22"]
[Round "3"]
[White "Susak, Zeljko"]
[Black "Sebenik, Matej"]
[Result "1-0"]
[WhiteElo "2220"]
[BlackElo "2154"]

1.e4 c5 2.c3 Nf6 3.e5 Nd5 4.d4 cxd4 5.Nf3 Nc6 6.cxd4 d6 7.Bc4 Nb6 8.Bb3 dxe5
9.d5 Na5 10.Nc3 Nxb3 11.Qxb3 e6 12.Nxe5 exd5 13.Be3 Bd6 14.Qb5+ Kf8 15.O-O-O Be6
16.f4 Bxe5 17.fxe5 h6 18.b3 Qc7 19.Bd4 Kg8 20.Kb2 Rd8 21.Rhf1 h5 22.Rc1 Rh6
23.Ne2 Qd7 24.Qd3 Bg4 25.Nf4 h4 26.h3 Bf5 27.Qe3 Be4 28.g4 Rc8 29.e6 fxe6
30.Nh5 Rxc1 31.Qxc1 e5 32.Bxe5 Qe6 33.Qc7 Nd7 34.Qd8+ Kh7 35.Bxg7 Rxh5 36.Qh8+ Kg6
37.gxh5+ Kg5 38.Bd4 Bf5 39.Qg7+ Kxh5 40.Rg1 Qh6 41.Qf7+ Bg6 42.Qf3+  1-0

[Event "Bled op"]
[Site "Bled"]
[Date "1999.03.22"]
[Round "3"]
[White "Ankerst, Mihael"]
[Black "Bojkovic, Natasa"]
[Result "0-1"]
[WhiteElo "2316"]
[BlackElo "2424"]

1.e4 c5 2.c3 Nf6 3.d3 Nc6 4.Nf3 g6 5.g3 d6 6.Bg2 Bg7 7.d4 cxd4 8.Nxd4 Bg4
9.f3 Bd7 10.Be3 Ne5 11.Qe2 Rc8 12.Nd2 O-O 13.c4 e6 14.h3 Nh5 15.Kf2 d5 16.cxd5 exd5
17.f4 Nc6 18.e5 Nxe5 19.fxe5 Bxe5 20.Rhc1 Nxg3 21.Rxc8 Bxc8 22.Qd3 Qf6+ 23.N2f3 Ne4+
24.Kg1 Bb8 25.Rc1 Bd7 26.Nd2 Re8 27.Rf1 Qh4 28.Nxe4 dxe4 29.Qb3 Re7 30.Qd5 Qg3
31.Qg5 Qh2+ 32.Kf2 f6 33.Qd5+ Kg7 34.Ne2 Bxh3 35.Rg1 Bxg2 36.Rxg2 Qh4+ 37.Kf1 Qh3
38.Qd8 Rd7 39.Qxb8 Rd1+  0-1

[Event "Novgorod op"]
[Site "Novgorod"]
[Date "1999.03.24"]
[Round "6"]
[White "Krasilnikov, Evgeny"]
[Black "Tetradze, Natalia"]
[Result "1/2-1/2"]
[WhiteElo "2130"]
[BlackElo "2090"]

1.e4 c5 2.c3 Nf6 3.e5 Nd5 4.d4 cxd4 5.Nf3 e6 6.cxd4 b6 7.Bd3 Bb4+ 8.Bd2 Ba6
9.Bxa6 Nxa6 10.O-O O-O 11.Nc3 Nxc3 12.bxc3 Be7 13.a4 Nc7 14.Qe2 Rc8 15.Rfb1 d5
16.exd6 Bxd6 17.c4 Ne8 18.a5 Qc7 19.axb6 axb6 20.Ra4 Nf6 21.Rba1 h6 22.Qd3 Qc6
23.Qb3 Rfd8 24.h3 Bb8 25.Be3  1/2-1/2

[Event "Novgorod op"]
[Site "Novgorod"]
[Date "1999.03.25"]
[Round "7"]
[White "Tuturin, Sergei"]
[Black "Shvedov, Sergey"]
[Result "0-1"]
[WhiteElo "2248"]
[BlackElo "2331"]

1.e4 c5 2.c3 Nf6 3.e5 Nd5 4.Nf3 e6 5.Bc4 Nb6 6.Bb3 Nc6 7.O-O d5 8.d4 cxd4
9.cxd4 Be7 10.Nc3 Bd7 11.Ne1 O-O 12.Bc2 Nc4 13.a4 Qb6 14.a5 Qxd4 15.Qxd4 Nxd4
16.f4 Bb4 17.a6 bxa6 18.Rxa6 Bxc3 19.bxc3 Ne2+ 20.Kf2 Bb5 21.Ra1 Nxc3 22.Bd3 Nb6
23.Be3 Bxd3 24.Nxd3 Ne4+ 25.Kf3 Nc4 26.Ra2 a5 27.Rc1 Rfb8 28.g4 Rb3  0-1

[Event "Bled op"]
[Site "Bled"]
[Date "1999.03.27"]
[Round "8"]
[White "Praznik, Anton"]
[Black "Zinani, Alessandro"]
[Result "1-0"]
[WhiteElo "2217"]
[BlackElo "2178"]

1.e4 c5 2.c3 Nf6 3.e5 Nd5 4.d4 cxd4 5.Nf3 Nc6 6.cxd4 d6 7.Bc4 Nb6 8.Bb3 d5
9.Nh4 e6 10.Nf3 Be7 11.h4 Bd7 12.Nc3 a6 13.a3 Na7 14.Bc2 h6 15.b3 Qc7 16.Bb2 O-O-O
17.h5 f6 18.Ne2 f5 19.Qd2 Be8 20.Rc1 Nc6 21.Bd3 Kb8 22.g3 Rc8 23.Kf1 Qd8
24.Nf4 Bf7 25.Kg2 Bg5 26.Be2 Rg8 27.a4 Qe7 28.Nxg5 hxg5 29.Nd3 Nd7 30.b4 Na7
31.Nc5 Be8 32.Qd1 Rh8 33.Ba3 Nxc5 34.dxc5 Qd7 35.b5 axb5 36.c6 bxc6 37.Bd6+ Kb7
38.Qb3 Bf7 39.Rc5 Ka8 40.axb5 cxb5 41.Ra1 g4 42.Rxb5  1-0

[Event "IND-ch"]
[Site "Nagpur"]
[Date "1999.03.27"]
[Round "5"]
[White "Shankar, Roy"]
[Black "Ramesh, RB."]
[Result "0-1"]
[WhiteElo "2394"]
[BlackElo "2391"]

1.e4 c5 2.c3 Nf6 3.e5 Nd5 4.d4 cxd4 5.Nf3 Nc6 6.Bc4 Nb6 7.Bb3 d6 8.exd6 Qxd6
9.Na3 dxc3 10.Qe2 Bf5 11.Nb5 Qd7 12.Ne5 Nxe5 13.Qxe5 f6 14.Nc7+ Kd8 15.Ne6+ Bxe6
16.Qxe6 Qxe6+ 17.Bxe6 Na4 18.b4 a5 19.Bf4 axb4 20.O-O-O+ Ke8 21.Rd5 b6 22.Be3 g6
23.Rhd1 Nc5 24.Bxc5 bxc5 25.Rxc5 Bh6+ 26.Kc2 Bf4 27.Rd7 Rxa2+ 28.Kb3 Ra8
29.Kxb4 Bd6 30.Rxd6 exd6 31.Rc7 c2  0-1

[Event "Bled op"]
[Site "Bled"]
[Date "1999.03.28"]
[Round "9"]
[White "Lazovic, Gordan"]
[Black "Waller, Helmut"]
[Result "1-0"]
[WhiteElo "2311"]
[BlackElo "2213"]

1.e4 c5 2.c3 Nf6 3.e5 Nd5 4.d4 cxd4 5.Nf3 Nc6 6.cxd4 d6 7.Bc4 Nb6 8.Bb3 dxe5
9.d5 Nb4 10.Nxe5 N4xd5 11.Qf3 Be6 12.O-O Qd6 13.Nc4 Nxc4 14.Bxc4 Rc8 15.Bb3 Qc6
16.Bd2 Nc7 17.Qg3 Bxb3 18.axb3 Nb5 19.Ra4 Qd7 20.Be3 a6 21.Nd2 Rc6 22.Nc4 f6
23.Raa1 Qc7 24.Qf3 e6 25.Na5 Rc2 26.Nc4 Be7 27.Qd1 Rxc4 28.bxc4 Nd6 29.b3 O-O
30.Qg4 Nf5 31.Qe4 Qe5 32.Qxe5 fxe5 33.Rad1 Bf6 34.Rd7 Rf7 35.Rfd1 Nd4 36.Rxf7 Kxf7
37.Bxd4 exd4 38.Kf1 e5 39.f3 Ke6 40.Ke2 Kd6 41.b4 Kc6 42.Kd3 Be7 43.Rb1 b6
44.Ke4 Bf6 45.Ra1 Be7 46.Rxa6 Bxb4 47.Ra7 Bd6 48.Rxg7 Kc5 49.Kd3  1-0

[Event "Hessen-ch"]
[Site "Baunatal"]
[Date "1999.03.30"]
[Round "7"]
[White "Debus, Alfred"]
[Black "Kersten, Uwe"]
[Result "0-1"]
[WhiteElo "2220"]
[BlackElo "2383"]

1.e4 c5 2.c3 Nf6 3.e5 Nd5 4.Nf3 b6 5.d4 cxd4 6.cxd4 e6 7.Nc3 Nxc3 8.bxc3 Qc7
9.Bd2 Bb7 10.Bd3 d6 11.O-O Nd7 12.Bf4 Be7 13.Re1 O-O 14.Re3 Bxf3 15.Qxf3 g6
16.Rae1 dxe5 17.dxe5 Rfd8 18.Qg4 Nf8 19.h4 h5 20.Qf3 Qd7 21.Be4 Rac8 22.g4 Qd2
23.gxh5 Rxc3 24.Kg2 Qxe1 25.hxg6 fxg6 26.Rxe1 Rxf3 27.Kxf3 Bxh4 28.Rc1 Kg7
29.Rc6 Be7 30.Be3 Kf7 31.Ke2 g5 32.f4 gxf4 33.Bxf4 Rd4 34.Kf3 Rd7 35.Be3 Bd8
36.Ke2 Rc7 37.Rd6 Rd7 38.Rc6 Rc7 39.Rd6 Be7 40.Rd2 Bc5 41.Rc2 Nd7 42.Bf4 Nf8
43.Kf3 Rd7 44.Rg2 Rd1 45.Bh6 Rf1+ 46.Ke2 Rg1 47.Bxf8 Kxf8 48.Rh2 a5 49.Rh8+ Ke7
50.Rh7+ Kd8 51.Rh6 Kd7 52.Bd3 Rg5 53.Bb5+ Ke7 54.Rh7+ Kf8 55.a4 Rxe5+ 56.Kf3 Re1
57.Rb7 Rd1 58.Kf4 Re1 59.Bc6 Bd6+ 60.Kf3 Rf1+ 61.Ke3 Rc1 62.Bb5 Bc7 63.Ra7 Ke7
64.Ra8 Bh2 65.Kd3 Bg1 66.Re8+ Kf6 67.Bc4 e5 68.Rf8+ Ke7 69.Rc8 Bd4 70.Ke4 Kd6
71.Ba6 Rxc8 72.Bxc8 b5 73.Kd3 bxa4 74.Ba6 Kc5 75.Bc8 e4+  0-1

[Event "Mitropa Cup"]
[Site "Baden"]
[Date "1999.04.01"]
[Round "1"]
[White "Pavasovic, Dusko"]
[Black "Bergez, Luc"]
[Result "1-0"]
[WhiteElo "2502"]
[BlackElo "2378"]

1.e4 c5 2.c3 Nf6 3.e5 Nd5 4.Nf3 d6 5.d4 cxd4 6.cxd4 Nc6 7.Bc4 Nb6 8.Bb3 dxe5
9.d5 Na5 10.Nc3 Nxb3 11.Qxb3 e6 12.Nxe5 exd5 13.Be3 Bd6 14.Qb5+ Kf8 15.O-O-O Be6
16.Nf3 Qc7 17.Kb1 Rd8 18.Rhe1 h6 19.Nd4 Be5 20.Qb4+ Bd6 21.Nxe6+ fxe6 22.Qg4 Bc5
23.Qxe6 h5 24.Bxc5+ Qxc5 25.Rd3  1-0

[Event "MI Festival GM"]
[Site "Bucharest"]
[Date "1999.04.02"]
[Round "13"]
[White "Vajda, Szidonia"]
[Black "Marjanovic, Slavoljub"]
[Result "0-1"]
[WhiteElo "2340"]
[BlackElo "2451"]

1.e4 c5 2.c3 Nf6 3.e5 Nd5 4.d4 cxd4 5.Nf3 e6 6.cxd4 d6 7.a3 Bd7 8.Bd3 Bc6
9.O-O Nd7 10.b4 a6 11.Qe2 Rc8 12.Bd2 dxe5 13.dxe5 g6 14.Rc1 Bg7 15.Nc3 Nxc3
16.Bxc3 Bxf3 17.Qxf3 Nxe5 18.Bxe5 Bxe5 19.Qxb7 Rb8 20.Qc6+ Ke7 21.Qc5+ Kf6
22.Bxa6 Bxa1 23.Rxa1 Qd2 24.g3 Rhd8 25.b5 Rd5 26.Qc7 Rbd8 27.b6 Qb2 28.Rf1 Qxa3
29.Bc8 Qa5 30.Qf4+ Rf5 31.Qh4+ g5 32.Qh6+ Ke7 33.b7 Qb6 34.g4 Rb5 35.Qxh7 Rd2
36.Qh3 Rb3 37.Qg2 Qc5 38.h3 Qb5 39.Qh2 Qb6 40.Qe5 Rd5 41.Qe4 Rxh3 42.Bxe6 fxe6
43.Rb1 Rb5 44.Re1 Rb2  0-1

[Event "Dreifluesse op 7th"]
[Site "Passau"]
[Date "1999.04.02"]
[Round "1"]
[White "Borries, Barbara"]
[Black "Rudolph, Peter"]
[Result "0-1"]
[WhiteElo "1780"]
[BlackElo "2205"]

1.e4 c5 2.c3 Nf6 3.e5 Nd5 4.Nf3 e6 5.Bc4 Nb6 6.Bb5 a6 7.Ba4 Nxa4 8.Qxa4 Qc7
9.Qg4 Nc6 10.Qg3 b5 11.d3 Bb7 12.O-O Ne7 13.Re1 Ng6 14.d4 Be7 15.Nbd2 cxd4
16.cxd4 Rc8 17.Ne4 Qc2 18.Nd6+ Bxd6 19.exd6 Bxf3 20.Qxf3 Qc6 21.Qg3 Qd5 22.Bd2 O-O
23.h4 Rc4 24.a3 Rxd4 25.Bc3 Rxh4 26.Re5 Qxd6 27.Rae1 f6 28.Bb4 Rxb4  0-1

[Event "Dreifluesse op 7th"]
[Site "Passau"]
[Date "1999.04.02"]
[Round "1"]
[White "Bade, Joern"]
[Black "Dost, Andreas"]
[Result "1-0"]
[WhiteElo "2300"]
[BlackElo "1880"]

1.e4 c5 2.c3 Nf6 3.e5 Nd5 4.d4 cxd4 5.Nf3 Nc6 6.Bc4 Nb6 7.Bb3 d5 8.exd6 Qxd6
9.Na3 Be6 10.Nb5 Qd7 11.O-O Bxb3 12.axb3 a6 13.Nbxd4 Nxd4 14.Nxd4 g6 15.Re1 Bg7
16.Bg5 Nd5 17.Nf3 O-O 18.Rxe7 Qc6 19.Ne5 Bxe5 20.Rxe5 Nc7 21.Be3 Rad8 22.Qg4 Ne6
23.h4 Qd6 24.Rea5 f5 25.Qc4 Rf7 26.Re1 b5 27.Qe2 Nc7 28.Bd4 Re8 29.Qd1 Rfe7
30.Rxe7 Rxe7 31.Ra1 Re4 32.g3 Qe6 33.c4 bxc4 34.bxc4 f4 35.Qd3 fxg3 36.fxg3 Qg4
37.Bf2 Qe6 38.b3 Qe5 39.Rd1 Ne6 40.Qd5 Re2 41.Qxe5 Rxe5 42.Ra1 a5 43.Bb6 Re2
44.Rxa5 Rb2 45.Rb5 h5 46.Bf2 Kf7 47.b4 Kf6 48.Kf1 Rc2 49.c5 Ke5 50.Rb6 Rb2
51.Be1 Rc2 52.Rd6 Kf5 53.Rd2 Rc4 54.Rd3 Nd4 55.Kf2 Ke4 56.Re3+ Kd5 57.Bc3 Nb5
58.Re5+ Kc6 59.Bd2 Rg4 60.Rg5 Rxg5 61.Bxg5 Kd5 62.Bd2 Ke4 63.Ke2 Nd4+ 64.Kd1 Kd3
65.Be1 Nb5 66.Kc1 Ke2 67.Bd2 Kd3 68.c6 Kc4 69.Kd1 Kd5 70.Ke2 Kxc6 71.Ke3 Kd6
72.Ke4 Ke6 73.Bf4 Nc3+ 74.Kd3 Nd5 75.Ke4 Ne7 76.Kd4 Kd7 77.b5 Kc8 78.b6 Kb7
79.Bc7  1-0

[Event "Dreifluesse op 7th"]
[Site "Passau"]
[Date "1999.04.02"]
[Round "2"]
[White "Hablizel, Frank"]
[Black "Bartsch, Berthold"]
[Result "0-1"]
[WhiteElo "2085"]
[BlackElo "2300"]

1.e4 c5 2.c3 Nf6 3.e5 Nd5 4.d4 cxd4 5.cxd4 e6 6.Nf3 b6 7.Bd3 Ba6 8.O-O Be7
9.Re1 Bxd3 10.Qxd3 O-O 11.Nc3 Nxc3 12.bxc3 d5 13.exd6 Qxd6 14.Qe4 Nc6 15.Bf4 Qd5
16.Rad1 Rfd8 17.Qb1 Rac8 18.Bd2 Bf6 19.Qb3 Na5 20.Qxd5 Rxd5 21.Re2 Nc4 22.Rc1 g5
23.g4 Kg7 24.Kg2 Kg6 25.Be1 Na3 26.Ra1 Rc4 27.Rb2 Ra4 28.Kg3 Nc4 29.Re2 Ra3
30.h4 h6 31.hxg5 hxg5 32.Kg2 Be7 33.Rc2 Bd6 34.Nd2 Ra4 35.Nxc4 Rxc4 36.Re2 e5
37.dxe5 Bxe5 38.f3 Kf6 39.Re3 Rdc5 40.Rd1 Ra5 41.Rd2 Bf4  0-1

[Event "Dreifluesse op 7th"]
[Site "Passau"]
[Date "1999.04.02"]
[Round "2"]
[White "Schmidt, Frank"]
[Black "Dunsbach, Ralf"]
[Result "0-1"]
[WhiteElo "2006"]
[BlackElo "2225"]

1.e4 c5 2.c3 Nf6 3.e5 Nd5 4.d4 cxd4 5.Qxd4 e6 6.Bc4 Nc6 7.Qe4 Nb6 8.Bb3 d5
9.exd6 Bxd6 10.Nf3 Nd7 11.O-O Nc5 12.Qg4 O-O 13.Bc2 e5 14.Qh4 Qxh4 15.Nxh4 Be6
16.Nf5 Bc7 17.Nd2 Rfd8 18.Nf3 Nd3 19.Ne3 h6 20.b3 e4 21.Ne1 Nxc1 22.Rxc1 f5
23.g3 Ne5 24.Bd1 Bb6 25.N1g2 g5 26.Rc2 Nd3 27.Be2 f4 28.Bg4 Bxg4 29.Nxg4 Kg7
30.gxf4 gxf4 31.h3 h5 32.Nh2 Kh6 33.Kh1 f3 34.Nh4 Nxf2+ 35.Rcxf2 Bxf2 36.Rxf2 Rd1+
37.Nf1 Kg5 38.Nxf3+ exf3 39.Rxf3 Re8 40.c4 Re2 41.a4 Rb1  0-1

[Event "Rheinhessen-ch MT1"]
[Site "Woerrstadt"]
[Date "1999.04.02"]
[Round "8"]
[White "Orban, Andreas"]
[Black "Justel, Detlef"]
[Result "1/2-1/2"]
[WhiteElo "2215"]
[BlackElo "2000"]

1.e4 c5 2.c3 Nf6 3.e5 Nd5 4.d4 cxd4 5.cxd4 e6 6.Nc3 Nxc3 7.bxc3 Nc6 8.f4 d5
9.Nf3 Be7 10.Bd3 g6 11.O-O Bd7 12.a4 Na5 13.g4 h5 14.g5 O-O 15.Qc2 Kh7 16.Nh4 Rg8
17.Qe2 Kg7 18.Qc2 Kh7 19.Qe2  1/2-1/2

[Event "Baden Casino op"]
[Site "Baden"]
[Date "1999.04.03"]
[Round "3"]
[White "Rahls, Peter"]
[Black "Kaenel, Hansjuerg"]
[Result "0-1"]
[WhiteElo "2238"]
[BlackElo "2395"]

1.e4 c5 2.c3 Nf6 3.e5 Nd5 4.d4 cxd4 5.cxd4 d6 6.Nf3 Nc6 7.Bc4 Nb6 8.Bb3 dxe5
9.d5 Na5 10.Nc3 Nxb3 11.Qxb3 e6 12.Nxe5 Bd6 13.Qb5+ Kf8 14.Nf3 Nxd5 15.O-O a6
16.Qe2 Bd7 17.Rd1 Bc6 18.Ne4 Be7 19.Ne5 Qc7 20.Nxc6 Qxc6 21.Be3 Rd8 22.Rac1 Qe8
23.Bc5 Kg8 24.Bd4 h5 25.Nc3 Rh6 26.Qf3 Rg6 27.Nxd5 Rxd5 28.Be3 Qd8 29.g3 h4
30.Rxd5 exd5 31.Rd1 hxg3 32.hxg3 Rf6 33.Qh5 Rd6 34.Bf4 Rd7 35.Kg2 g6 36.Qh3 Bf6
37.Rh1 Bg7 38.Bg5 f6 39.Qe6+ Rf7 40.Rc1 Qd7 41.Qxd7 Rxd7 42.Bf4 f5 43.b3 Kf7
44.Kf3 d4 45.Ke2 Ke6 46.Kd3 Bf6 47.Rc8 g5 48.Bd2 g4 49.Bf4 Kf7 50.Rc4 Kg6
51.a4 Kf7 52.Rb4 b5 53.Bc1 Rd5 54.Bf4 Ke6 55.Bh6 Kd7 56.a5 Kc6 57.Bc1 Rd7
58.Bb2 Kd5 59.Rxd4+ Bxd4 60.Bxd4 b4 61.Be3 Re7 62.Bd2 Re4 63.Be3 Kc6 64.Bd4 Kb5
65.Bb6 Re8 66.Kd4 Re2 67.Kd5 Rb2 68.Ke5 Rxb3 69.Kxf5 Rd3  0-1

[Event "Mar del Plata op 30th"]
[Site "Mar del Plata"]
[Date "1999.04.03"]
[Round "8"]
[White "Moreda, Lucas"]
[Black "Pierrot, Facundo"]
[Result "0-1"]
[WhiteElo "2325"]
[BlackElo "2442"]

1.e4 c5 2.c3 Nf6 3.d3 Nc6 4.Nf3 g6 5.g3 d6 6.Bg2 Bg7 7.O-O O-O 8.Nh4 e5 9.Na3 d5
10.f4 exf4 11.gxf4 dxe4 12.dxe4 Qe7 13.e5 Nh5 14.Nf3 Bf5 15.Qd6 Qxd6 16.exd6 Rfd8
17.Rd1 Bf8 18.Nc4 Be6 19.Nfe5 Nxe5 20.Nxe5 Rab8 21.Be3 Rxd6 22.Rxd6 Bxd6
23.Rd1 Be7 24.b4 f6 25.Nd3 cxb4 26.cxb4 b6 27.Rc1 Rc8 28.Rxc8+ Bxc8 29.Bd5+ Kf8
30.b5 Bf5 31.Nb2 Bd6 32.a4 Nxf4 33.Bc6 Ne6 34.a5 Bc5 35.Bxc5+ Nxc5 36.a6 Bd7
37.Bxd7 Nxd7 38.Kf2 Ke7 39.Ke3 Ke6 40.Kd4 f5 41.Nd3 Kd6 42.Nb4 Nc5 43.Nd5 Ne6+
44.Kc4 f4 45.Nb4 f3 46.Kd3 Nc7 47.Na2 Nxb5 48.Ke3 Nc7 49.Kxf3 Nxa6 50.Nc3 Nc7  0-1

[Event "Mar del Plata op 30th"]
[Site "Mar del Plata"]
[Date "1999.04.03"]
[Round "8"]
[White "Bademian, Jose"]
[Black "Rubinetti, Jorge A"]
[Result "0-1"]
[WhiteElo "2165"]
[BlackElo "2432"]

1.e4 c5 2.c3 Nf6 3.e5 Nd5 4.d4 cxd4 5.Nf3 e6 6.cxd4 b6 7.Nc3 Nxc3 8.bxc3 Qc7
9.Bb2 Bb7 10.Bd3 d6 11.O-O Nd7 12.exd6 Bxd6 13.h3 O-O 14.Re1 Rfe8 15.c4 h6
16.a3 Rad8 17.Qe2 Qb8 18.Be4 Rc8 19.Rac1 Qa8 20.Bxb7 Qxb7 21.Qd3 Qa6 22.Qb3 Rc7
23.g3 Rec8 24.Qb5 Qb7 25.Nd2 Bf8 26.a4 g6 27.Ne4 Qa8 28.d5 e5 29.g4 Bg7 30.Ba3 a6
31.Qb3 Kh8 32.Bd6 Rb7 33.Qf3 Rf8 34.Bxf8 Qxf8 35.d6 Rb8 36.Red1 a5 37.Kg2 Rc8
38.Rc2 Qe8 39.Ng3 Nc5 40.Qd5 Qxa4 41.Rb2 Ne6 42.Ne2 Rc5 43.Qd2 Qc6+ 44.Kg1 Kh7
45.d7 Bf6 46.Rdb1 Bd8 47.Rb5 Qe4 48.Rc1 Ng5 49.Qc2 Nxh3+ 50.Kh2 Qxg4 51.Rxc5 bxc5
52.Ng1 Nf4  0-1